00646cam a22001817a 4500003000500000005001700005008004100022010001000063011001000073035001000083040000900093100003100102245015400133260003900287300002200326502008700348650002900435CHAP20220329134439.0971013s1970 r 00010 d a20601 a21573 a25663 cCHAP00aCepeda, María Enriqueta.13aEl papel del crédito en la compra de bienes de consumo durables y no durables de las familias de la zona metropolitana de Monterrey (estrato medio) aMonterrey, N.L. :bEl autor,c1970 a26 h.b: apénd. aTesis (Lic. en Economía) -- Univ. Autónoma de Nuevo León. Fac. de Economía14aCrédito al consumidor.